000 00465pab a2200169 454500
008 180718b2004 xxu||||| |||| 00| 0 eng d
100 _aSanjay Kumar
245 _aGrowth rate of agricultural production and non-agricultural employment
260 _c2004
300 _ap.83-89.
362 _aJan-Jun
650 _aEmployment
650 _aAgricultural production
700 _aSingh, R.P.
773 _aJournal of Social and Economic Studies
909 _a63279
999 _c63279
_d63279